书目信息 |
| 题名: |
普希金爱情诗选
|
|
| 作者: | 普希金 著 ;汤毓强 , 陈浣萍 译 | |
| 分册: | ||
| 出版信息: | 广州 花城出版社 1984 |
|
| 页数: | 173页 | |
| 开本: | 19cm | |
| 丛书名: | ||
| 单 册: | ||
| 中图分类: | I512.24 | |
| 科图分类: | ||
| 主题词: | 抒情诗--苏联--近代--选集 , 文学 | |
| 电子资源: | ||
| ISBN: | ||
| 000 | 00762nam0 2200277 45 | |
| 001 | 0184004236 | |
| 005 | 20040409084706.9 | |
| 010 | @dCNY1.25 | |
| 091 | @a10261.405 | |
| 100 | @a19950630d1984 em y0chiy0121 ea | |
| 101 | 1 | @achi@crus |
| 102 | @aCN@b440000 | |
| 105 | @ay z 000gy | |
| 106 | @ar | |
| 200 | 10 | @a普希金爱情诗选@Apu xi jin ai qing shi xuan@f(俄)普希金著@g汤毓强,陈浣萍译 |
| 210 | @a广州@c花城出版社@d1984 | |
| 215 | @a173页@d19cm | |
| 606 | @a抒情诗@y苏联@z近代@x选集 | |
| 606 | 0 | @a文学 |
| 690 | @aI512.24 | |
| 701 | 1 | @a普希金@Apu xi jin@4著 |
| 702 | 0 | @a汤毓强@Atang yu qiang@4译 |
| 702 | 0 | @a陈浣萍@Achen huan ping@4译 |
| 801 | 0 | @aCN@b上海图书馆@c20040409 |
| 801 | 2 | @aCN@bNLC@c20040409 |
| 905 | @f1@b153466@dI512.24@e277 | |
| 普希金爱情诗选/(俄)普希金著/汤毓强,陈浣萍译.-广州:花城出版社,1984 |
| 173页;19cm |
| ISBN :CNY1.25 |
| ● |
| 相关链接 |
|
|
|
|
正题名:普希金爱情诗选
索取号:I512.24/277
 
预约/预借
| 序号 | 登录号 | 条形码 | 馆藏地/架位号 | 状态 | 备注 |
| 1 | 0153466 | 000746214 | 第二借阅区/ [索取号:I512.24/277] | 在馆 | |
| 2 | 0153467 | 000315297 | 密集书库/ [索取号:I512.24/277] | 在馆 |